| 000 | 00681cab a2200205 4500 | ||
|---|---|---|---|
| 001 | ##L132184 | ||
| 008 | 060117n2006 000 0 eng u | ||
| 035 | _a(Sirsi) u132184 | ||
| 041 | 0 | _aeng | |
| 100 | 1 | _aRoberts, Gwyn | |
| 245 | 0 | 0 | _aResidential and regeneration |
| 260 | _c2006 | ||
| 490 |
_aProperty Week _v71(1) 6 January 2006, 37-45(7) |
||
| 520 | _aLooks at development at Thamesmead and in Lancashire as well as reviewing the "RICS Housing Market Survey Great Britain : November 2005" (L132022). | ||
| 590 | _aIKA170106 | ||
| 650 | _aTHAMESMEAD | ||
| 651 | _aLancashire | ||
| 690 | _aPROPERTY-RESIDENTIAL PROPERTY-RESIDENTIAL PROPERTY DEVELOPMENT | ||
| 942 | _n0 | ||
| 999 |
_c76356 _d76356 |
||